Costa Rica: Coyunturas, clases sociales y Estado en su desarrollo reciente, 1930-1975 /

Gespeichert in:
Bibliographische Detailangaben
1. Verfasser: Vega Carballo, José Luis
Weitere Verfasser: coord
Format: Text
Sprache:Spanish
Veröffentlicht: Mèxico, D.F: Siglo XXI
Schlagworte:
Tags: Tag hinzufügen
Keine Tags, Fügen Sie den ersten Tag hinzu!

MARC

LEADER 00000 a a2200000 04500
001 29652
003 cru IIS
005 20230418110748.0
008 230418b |||||||| |||| 00| 0 spa d
020 |a 968-23-0948-4  
040 |c CRAI-IIS 
090 |a AL 0003 A512a tomo 2  
100 1 |a Vega Carballo, José Luis  |9 4177 
245 |a Costa Rica: Coyunturas, clases sociales y Estado en su desarrollo reciente, 1930-1975 /  |c José Luis Vega Carballo 
260 |a Mèxico, D.F:   |b Siglo XXI  
300 |a 1-38p. 
650 |a HISTORIA POLITICA  
650 |a HISTORIA SOCIAL  
650 |a REVOLUCION  
650 |a CONFLICTOS POLITICOS  
650 |a CONFLICTOS SOCIALES  
650 |a DEMOCRACIA  
651 0 |9 32  |a COSTA RICA 
700 |a coord  
942 |2 ddc  |c LI 
999 |c 2634  |d 2634 
773 0 |0 8347  |9 8637  |a González Casanova, Pablo   |d Mèxico, D.F: Siglo XXI 1981  |o 04753  |t América Latina: historia de medio siglo: Centroamérica, México y el Caribe /  |w (cru CIDCAS/IIS)29653  |z 968-23-0948-4